| 000 | 00687nam a2200253Ia 4500 | ||
|---|---|---|---|
| 003 | OSt | ||
| 005 | 20250724190650.0 | ||
| 008 | 210423s2003 xx 000 0 und d | ||
| 020 | _a8180690415 | ||
| 040 | _cAL | ||
| 041 | _aEnglish | ||
| 082 |
_a307.762 _bBANE |
||
| 100 |
_aBandyopadhyay D _9118451 |
||
| 245 | _aEmpowering panchayats | ||
| 260 |
_aNew Delhi _bConcept publishing company _c2003 |
||
| 300 |
_bxiv, 370p. _aHB _c24.5x16cm. |
||
| 365 |
_b750 _cINR |
||
| 650 |
_aSociology _9118452 |
||
| 650 |
_aUrban Communities _9118453 |
||
| 700 |
_aMukherjee, Amitava _9219989 |
||
| 700 |
_aGavai, Mitali Sen _9219990 |
||
| 906 | _aEmpowering ; panchayats | ||
| 942 |
_2ddc _cBK |
||
| 999 |
_c175643 _d175643 |
||